Islam Resurgent (Record no. 417871)
[ view plain ]
| 000 -LEADER | |
|---|---|
| fixed length control field | 00223 a2200097 4500 |
| 090 ## - LOCALLY ASSIGNED LC-TYPE CALL NUMBER (OCLC); LOCAL CALL NUMBER (RLIN) | |
| -- | 32612 |
| -- | 32612 |
| 100 ## - MAIN ENTRY--PERSONAL NAME | |
| Personal name | Irving T B |
| 245 ## - TITLE STATEMENT | |
| Title | Islam Resurgent |
| 260 ## - PUBLICATION, DISTRIBUTION, ETC. | |
| Place of publication, distribution, etc. | Lahore |
| Name of publisher, distributor, etc. | Suhail Academy |
| Date of publication, distribution, etc. | |
| 942 ## - ADDED ENTRY ELEMENTS (KOHA) | |
| Institution code [OBSOLETE] | NUST-CAE |
| Koha item type | |
| -- | |
| Withdrawn status | Lost status | Source of classification or shelving scheme | Damaged status | Not for loan | Permanent Location | Current Location | Date acquired | Total Checkouts | Full call number | Barcode | Date last seen | Price effective from | Koha item type |
|---|---|---|---|---|---|---|---|---|---|---|---|---|---|
| School of Civil and Environmental Engineering (SCEE) | School of Civil and Environmental Engineering (SCEE) | 02/19/2020 | 909.097671 | NIT-9848 | 02/19/2020 | 02/19/2020 |
